[Event "OLNO 1819 SC Kreuzberg - TuS Makkabi Be"]
[Site "?"]
[Date "2019.02.03"]
[Round "6.3"]
[White "Gazmaga, Stefan"]
[Black "Lerch, Philipp"]
[Result "0-1"]
[WhiteElo "2160"]
[BlackElo "2321"]
[PlyCount "84"]
[EventDate "2019.??.??"]

1. d4 g6 2. e4 Bg7 3. Nc3 a6 4. Be3 d6 5. Qd2 b5 6. f3 h5 7. Nge2 Nc6 8. a4 b4
9. Nd1 d5 10. Nf2 dxe4 11. fxe4 Nf6 12. d5 Ne5 13. Bd4 Neg4 14. Nxg4 Bxg4 15.
Qxb4 O-O 16. h3 Bd7 17. Rd1 Rb8 18. Qc4 e6 19. g3 exd5 20. exd5 Ne8 21. Bxg7
Nxg7 22. b3 Nf5 23. Rd3 Qe7 24. Qc3 Rbe8 25. Rh2 Nd6 26. Qc5 Bf5 27. Rf3 Qg5
28. Kd1 Ne4 29. Qd4 c5 30. Qe3 Qd8 31. Rxf5 gxf5 32. Nf4 Qf6 33. Nxh5 Qa1+ 34.
Qc1 Qd4+ 35. Bd3 Nc3+ 36. Kd2 Qe3+ 37. Kxc3 Qxc1 38. Nf6+ Kh8 39. Nxe8 Qa1+ 40.
Kd2 Rxe8 41. Re2 Rxe2+ 42. Kxe2 Qe5+ 0-1

[Event "OLNO 1819 SC Kreuzberg - TuS Makkabi Be"]
[Site "?"]
[Date "2019.02.03"]
[Round "6.4"]
[White "Lehmann, Klaus"]
[Black "Sawlin, Michail"]
[Result "1-0"]
[WhiteElo "2259"]
[BlackElo "2163"]
[PlyCount "103"]
[EventDate "2019.??.??"]

1. e4 e6 2. d4 d5 3. Nd2 Nf6 4. e5 Nfd7 5. c3 c5 6. Bd3 Nc6 7. Ne2 a6 8. O-O b5
9. f4 g6 10. Nf3 Qb6 11. Be3 Be7 12. Kh1 c4 13. Bc2 h5 14. b3 Na5 15. b4 Nc6
16. a4 Bb7 17. Qb1 Nf8 18. Bf2 Qd8 19. Qe1 Rb8 20. axb5 axb5 21. Bh4 Bxh4 22.
Nxh4 Ne7 23. Ng1 Nf5 24. Nhf3 Bc6 25. Ng5 Bd7 26. N1f3 Nh6 27. Ra7 Nh7 28. Nxh7
Rxh7 29. Qa1 Rh8 30. Qa6 Rb6 31. Qa5 Ke7 32. Ng5 Qb8 33. h3 Rb7 34. Ra6 Rc8 35.
Ra1 Qc7 36. Qa3 Kf8 37. Qc1 Kg7 38. R1a5 Rb6 39. Ra7 Rb7 40. Rxb7 Qxb7 41. Qa1
Bc6 42. Nxe6+ fxe6 43. Ra7 Ra8 44. Rxb7+ Bxb7 45. Qb1 Bc6 46. Bxg6 Ra3 47. Qc1
Rb3 48. Bxh5 Nf5 49. Bd1 Ng3+ 50. Kh2 Nf1+ 51. Kg1 Ng3 52. f5 1-0

[Event "OLNO 1819 SC Kreuzberg - TuS Makkabi Be"]
[Site "?"]
[Date "2019.02.03"]
[Round "6.5"]
[White "Emig, Edgar"]
[Black "Glienke, Manfred"]
[Result "1/2-1/2"]
[WhiteElo "2140"]
[BlackElo "2250"]
[PlyCount "76"]
[EventDate "2019.??.??"]

1. e4 c5 2. Nf3 Nc6 3. Bb5 g6 4. Nc3 Bg7 5. O-O d6 6. d3 Bd7 7. Re1 a6 8. Bxc6
Bxc6 9. e5 Bxf3 10. Qxf3 Bxe5 11. Qxb7 Qc8 12. Qf3 Kf8 13. Rb1 Rb8 14. Nd5 Kg7
15. c3 Qf5 16. Qe3 h6 17. f4 Bf6 18. Bd2 h5 19. b4 cxb4 20. cxb4 Nh6 21. Nxf6
exf6 22. Qd4 Rb5 23. Rb3 Rhb8 24. Bc3 h4 25. h3 Rd5 26. Qe4 Ng8 27. a4 Kf8 28.
Bb2 Qxe4 29. Rxe4 f5 30. Re2 Ne7 31. b5 axb5 32. axb5 Rc5 33. Bf6 Ng8 34. Bxh4
Rcxb5 35. Rxb5 Rxb5 36. Kf2 f6 37. Ke3 Kf7 38. Kd4 Ne7 1/2-1/2

[Event "OLNO 1819 SC Kreuzberg - TuS Makkabi Be"]
[Site "?"]
[Date "2019.02.03"]
[Round "6.6"]
[White "Holzapfel, Daniel"]
[Black "Fliter, Irena"]
[Result "1-0"]
[WhiteElo "2264"]
[BlackElo "2089"]
[PlyCount "51"]
[EventDate "2019.??.??"]

1. d4 d6 2. Nf3 g6 3. c4 Bg7 4. Nc3 Nf6 5. e4 O-O 6. Be2 c5 7. O-O cxd4 8. Nxd4
Bd7 9. Be3 Nc6 10. f3 Nh5 11. Qd2 Qa5 12. Nb3 Qd8 13. Rad1 Be6 14. Nd5 Rc8 15.
f4 Nf6 16. Nxf6+ Bxf6 17. f5 Bd7 18. c5 Rc7 19. cxd6 exd6 20. Qxd6 Be5 21. Qd2
Qh4 22. Bf4 g5 23. Bxe5 Nxe5 24. Qd6 Qxe4 25. Qxc7 Qxe2 26. Rde1 1-0

[Event "OLNO 1819 SC Kreuzberg - TuS Makkabi Be"]
[Site "?"]
[Date "2019.02.03"]
[Round "6.7"]
[White "Gorodetski, Grigori"]
[Black "Dyballa, Markus"]
[Result "1/2-1/2"]
[WhiteElo "1895"]
[BlackElo "2204"]
[PlyCount "73"]
[EventDate "2019.??.??"]

1. d4 c5 2. e3 Nf6 3. Bd3 g6 4. Nf3 Bg7 5. O-O Nc6 6. c3 Qb6 7. Nbd2 d5 8. h3
O-O 9. Re1 Bf5 10. Bxf5 gxf5 11. Qb3 e6 12. Qxb6 axb6 13. b3 Rfc8 14. Bb2 Ne4
15. Red1 b5 16. Ne1 b4 17. Nxe4 fxe4 18. cxb4 cxd4 19. b5 Nb4 20. a3 Nc2 21.
Nxc2 Rxc2 22. Bxd4 Bxd4 23. Rxd4 Rb2 24. a4 Rxb3 25. Rc1 Ra3 26. Rc7 b6 27. Rc6
R8xa4 28. Rxa4 Rxa4 29. Rxb6 Ra2 30. Rb7 h5 31. h4 Kg7 32. b6 Rb2 33. Rb8 f6
34. b7 e5 35. Rd8 Rxb7 36. Rxd5 Rb2 37. Rd8 1/2-1/2

[Event "OLNO 1819 SC Kreuzberg - TuS Makkabi Be"]
[Site "?"]
[Date "2019.02.03"]
[Round "6.8"]
[White "Sprotte, Norbert"]
[Black "Schmidt, Jevgen"]
[Result "1-0"]
[WhiteElo "2169"]
[BlackElo "1887"]
[PlyCount "61"]
[EventDate "2019.??.??"]

1. d4 Nf6 2. Nf3 g6 3. Nc3 d5 4. Bf4 Bg7 5. Nb5 Na6 6. e3 c5 7. c3 Qb6 8. dxc5
Qxc5 9. Qd4 Qxd4 10. exd4 Nh5 11. Be3 O-O 12. h3 Nf6 13. Be2 Nd7 14. O-O Nb6
15. b3 Be6 16. Rfe1 Rfc8 17. Bf4 Bd7 18. a4 Bxb5 19. axb5 Nc7 20. Ra2 Ne6 21.
Bd2 Rc7 22. Rea1 Nc8 23. Ne1 Bxd4 24. cxd4 Nxd4 25. Bd3 Nxb3 26. Rb1 Nc5 27. b6
Nxb6 28. Rxb6 axb6 29. Rxa8+ Kg7 30. Rd8 e5 31. Rxd5 1-0

[Event "OLNO 1819 SC Empor Potsdam - SK König T"]
[Site "?"]
[Date "2019.02.03"]
[Round "6.1"]
[White "Breier, Andreas"]
[Black "Penzold, Andreas"]
[Result "1/2-1/2"]
[WhiteElo "2363"]
[BlackElo "2404"]
[PlyCount "136"]
[EventDate "2019.??.??"]

1. d4 Nf6 2. c4 g6 3. Nc3 Bg7 4. e4 d6 5. h3 e5 6. dxe5 dxe5 7. Qxd8+ Kxd8 8.
Bg5 c6 9. f4 Nbd7 10. Nf3 h6 11. Bh4 Ke8 12. fxe5 Nh5 13. O-O-O g5 14. Bf2 Nxe5
15. Nd4 Be6 16. Nf5 Bf8 17. Nd6+ Bxd6 18. Rxd6 Ke7 19. c5 Rhd8 20. h4 g4 21.
Rxd8 Rxd8 22. Be3 f6 23. Be2 Ng3 24. Rd1 Nxe2+ 25. Nxe2 Nd3+ 26. Kb1 Bxa2+ 27.
Kxa2 Nb4+ 28. Kb3 Rxd1 29. Kxb4 Re1 30. Nd4 h5 31. Kc4 Kf7 32. Kd3 Rd1+ 33. Kc2
Re1 34. Kd2 Rb1 35. Kc3 Re1 36. Nf5 Ke6 37. Kd2 Rb1 38. Bd4 Rh1 39. g3 Rh2+ 40.
Ke3 Kf7 41. Nd6+ Ke6 42. Nxb7 f5 43. exf5+ Kxf5 44. Nd6+ Ke6 45. Ne4 Kf5 46.
Nf6 Kg6 47. Nd7 Kf5 48. Ne5 Rg2 49. Nxc6 Rxg3+ 50. Kf2 Rf3+ 51. Kg2 Ke4 52. Bc3
Kd5 53. Nxa7 Kxc5 54. b4+ Kc4 55. Be1 Ra3 56. Nc8 Ra1 57. Bf2 Kxb4 58. Nd6 Kc3
59. Nf5 Kd3 60. Ng7 Ra5 61. Ne6 Ke4 62. Nd4 Ra2 63. Ne6 Kf5 64. Nd4+ Ke4 65.
Ne6 Kf5 66. Ng7+ Kg6 67. Ne6 Kf5 68. Ng7+ Kg6 1/2-1/2

[Event "OLNO 1819 SC Empor Potsdam - SK König T"]
[Site "?"]
[Date "2019.02.03"]
[Round "6.2"]
[White "Hansch, Karsten"]
[Black "Giemsa, Stephan"]
[Result "1/2-1/2"]
[WhiteElo "2292"]
[BlackElo "2275"]
[PlyCount "127"]
[EventDate "2019.??.??"]

1. e4 e6 2. d4 d5 3. Nc3 Nf6 4. e5 Nfd7 5. f4 c5 6. Nf3 Nc6 7. Be3 a6 8. Qd2 b5
9. dxc5 Bxc5 10. Bd3 Qb6 11. Bf2 Bb7 12. a3 h6 13. O-O Bxf2+ 14. Qxf2 Qxf2+ 15.
Kxf2 g5 16. g3 f6 17. exf6 gxf4 18. gxf4 Nxf6 19. Rg1 O-O-O 20. Rg6 Nh5 21. Ne2
Rhf8 22. f5 e5 23. Rxc6+ Bxc6 24. Nxe5 Bd7 25. Nxd7 Kxd7 26. a4 bxa4 27. Rxa4
Ra8 28. Kf3 Ng7 29. Kg4 Ne8 30. Rxa6 Rxa6 31. Bxa6 Nf6+ 32. Kf4 Kd6 33. Bd3 Rb8
34. b3 Rb4+ 35. Kf3 Ke5 36. Ng3 Rf4+ 37. Kg2 Rb4 38. Kf3 h5 39. Ne2 Ng4 40. h3
Nh6 41. Ng3 h4 42. Nf1 Nxf5 43. Bxf5 Rf4+ 44. Ke3 Rxf5 45. Nd2 d4+ 46. Ke2 Kf4
47. Nf3 Kg3 48. Nxd4 Rf8 49. Ke3 Re8+ 50. Kd3 Rd8 51. Ke4 Kxh3 52. Nf5 Kg4 53.
Nxh4 Kxh4 54. c4 Kg5 55. Ke5 Kg6 56. Ke6 Rb8 57. c5 Rxb3 58. c6 Rc3 59. Kd7 Kf7
60. c7 Rd3+ 61. Kc6 Ke7 62. c8=Q Rc3+ 63. Kb7 Rxc8 64. Kxc8 1/2-1/2

[Event "OLNO 1819 SC Empor Potsdam - SK König T"]
[Site "?"]
[Date "2019.02.03"]
[Round "6.3"]
[White "Anibar, Ahmed"]
[Black "Hansch, Stephan"]
[Result "1/2-1/2"]
[WhiteElo "2258"]
[BlackElo "2206"]
[PlyCount "32"]
[EventDate "2019.??.??"]

1. e4 c5 2. Nf3 d6 3. d4 cxd4 4. Qxd4 a6 5. c4 Nc6 6. Qe3 g6 7. Nc3 Bg7 8. Be2
Nf6 9. h3 O-O 10. O-O Be6 11. Rd1 Nb4 12. Rb1 Qc7 13. a3 Nc6 14. b4 Ne5 15.
Nxe5 dxe5 16. Nd5 Nxd5 1/2-1/2

[Event "OLNO 1819 SC Empor Potsdam - SK König T"]
[Site "?"]
[Date "2019.02.03"]
[Round "6.4"]
[White "Schoene, Ralf"]
[Black "Jahnz, Fabian"]
[Result "1/2-1/2"]
[WhiteElo "2251"]
[BlackElo "2241"]
[PlyCount "82"]
[EventDate "2019.??.??"]

1. d4 d5 2. c4 dxc4 3. e4 Nc6 4. Be3 Nf6 5. Nc3 e5 6. d5 Na5 7. Bxc4 Nxc4 8.
Qa4+ c6 9. Qxc4 cxd5 10. exd5 Bd7 11. f3 Qa5 12. a3 b5 13. Qa2 b4 14. axb4 Qxa2
15. Rxa2 Bxb4 16. Kf2 Bxc3 17. bxc3 Nxd5 18. Ra5 Nxc3 19. Rxe5+ Be6 20. Nh3 O-O
21. Ra1 Rfd8 22. Nf4 Nd1+ 23. Kg3 Nxe3 24. Rxe3 Bc4 25. Rc1 Bb5 26. Re5 a6 27.
Rec5 g6 28. Nd5 Ra7 29. Kf4 Kg7 30. g4 Rad7 31. Nc3 Rd4+ 32. Kg3 Rc4 33. Ne4
Rxc1 34. Rxc1 Ba4 35. g5 Ra8 36. Ra1 Bb3 37. Ra5 Bc4 38. Rc5 Be6 39. Ra5 Bc4
40. Kf4 Bb5 41. Nd6 Rb8 1/2-1/2

[Event "OLNO 1819 SC Empor Potsdam - SK König T"]
[Site "?"]
[Date "2019.02.03"]
[Round "6.5"]
[White "Kather, Yannick"]
[Black "Trenner, Rolf"]
[Result "0-1"]
[WhiteElo "2090"]
[BlackElo "2162"]
[PlyCount "94"]
[EventDate "2019.??.??"]

1. e4 d5 2. exd5 Qxd5 3. Nf3 Bg4 4. Be2 e5 5. O-O Nc6 6. Nxe5 Bxe2 7. Qxe2 Nxe5
8. f4 Qc5+ 9. Kh1 O-O-O 10. fxe5 Qxc2 11. Nc3 f6 12. d4 Qxe2 13. Nxe2 fxe5 14.
dxe5 Bc5 15. Bg5 Re8 16. Rad1 h6 17. Bh4 Ne7 18. Bg3 Nc6 19. Rd5 Bb6 20. a3
Rhf8 21. Rf3 Ne7 22. Rd1 Nf5 23. Re1 c6 24. Nc1 Nxg3+ 25. hxg3 Kd7 26. Nd3 g5
27. Ref1 Ke7 28. b4 Rd8 29. Nc5 Rxf3 30. gxf3 Bxc5 31. bxc5 Rd3 32. f4 Rxg3 33.
f5 Re3 34. f6+ Kf7 35. Rf5 b5 36. cxb6 axb6 37. Kg2 c5 38. Kf2 Re4 39. Kf3 Rf4+
40. Rxf4 gxf4 41. Kxf4 Ke6 42. Kg4 c4 43. Kh5 Kf7 44. Kg4 c3 45. Kf5 c2 46. e6+
Kf8 47. Kg6 c1=Q 0-1

[Event "OLNO 1819 SC Empor Potsdam - SK König T"]
[Site "?"]
[Date "2019.02.03"]
[Round "6.6"]
[White "Wuttke, Hans"]
[Black "Niehaus, Frank"]
[Result "1/2-1/2"]
[WhiteElo "2157"]
[BlackElo "2169"]
[PlyCount "25"]
[EventDate "2019.??.??"]

1. Nf3 Nf6 2. c4 g6 3. b3 Bg7 4. Bb2 O-O 5. g3 c5 6. d4 Ne4 7. Qc1 Qa5+ 8. Nbd2
cxd4 9. Bxd4 Bxd4 10. Nxd4 Nc6 11. N4f3 d6 12. Bg2 Bg4 13. O-O 1/2-1/2

[Event "OLNO 1819 SC Empor Potsdam - SK König T"]
[Site "?"]
[Date "2019.02.03"]
[Round "6.7"]
[White "Roth, Josef"]
[Black "Germann, Heike"]
[Result "0-1"]
[WhiteElo "2043"]
[BlackElo "2071"]
[PlyCount "68"]
[EventDate "2019.??.??"]

1. e4 c5 2. Nf3 Nc6 3. d4 cxd4 4. Nxd4 g6 5. c4 Bg7 6. Be3 Nf6 7. Nc3 O-O 8.
Be2 d6 9. O-O Bd7 10. Nc2 Rc8 11. f3 Be6 12. Qd2 Nd7 13. Rac1 a5 14. b3 Nc5 15.
Rfd1 Nb4 16. Nd4 Bd7 17. Ncb5 Nc6 18. Bf1 Nxd4 19. Nxd4 Qb6 20. Rb1 Ra8 21. Qf2
Rfc8 22. a3 Qc7 23. Rdc1 Ne6 24. Nxe6 Bxe6 25. b4 axb4 26. axb4 Qd7 27. c5 Ra2
28. Rc2 Rxc2 29. Qxc2 b6 30. Rc1 bxc5 31. bxc5 dxc5 32. Bc4 Bd4 33. Qf2 Bxe3
34. Qxe3 Qd4 0-1

[Event "OLNO 1819 SC Empor Potsdam - SK König T"]
[Site "?"]
[Date "2019.02.03"]
[Round "6.8"]
[White "Puhlmann, Rainer"]
[Black "Lorenz, Sascha"]
[Result "1/2-1/2"]
[WhiteElo "2080"]
[BlackElo "2247"]
[PlyCount "20"]
[EventDate "2019.??.??"]

1. Nf3 d5 2. c4 d4 3. e3 Nc6 4. exd4 Nxd4 5. Nxd4 Qxd4 6. Nc3 c6 7. Be2 Nh6 8.
d3 Nf5 9. O-O e5 10. Ne4 Be7 1/2-1/2

[Event "OLNO 1819 Greifswalder SV - SV Empor Be"]
[Site "?"]
[Date "2019.02.03"]
[Round "6.1"]
[White "Szajbely, Zsigmond"]
[Black "Mueller, Nick"]
[Result "1/2-1/2"]
[WhiteElo "2286"]
[BlackElo "2346"]
[PlyCount "88"]
[EventDate "2019.??.??"]

1. e4 c5 2. Nf3 Nc6 3. d4 cxd4 4. Nxd4 Nf6 5. Nc3 e5 6. Ndb5 d6 7. Bg5 a6 8.
Na3 b5 9. Nd5 Be7 10. Bxf6 Bxf6 11. c4 b4 12. Nc2 O-O 13. g3 Bg5 14. Bg2 a5 15.
O-O Ne7 16. b3 Nxd5 17. Qxd5 Be6 18. Qd3 Qb6 19. h4 Bd8 20. Kh2 Ra6 21. Qd2 Qc5
22. Ne3 Bb6 23. Rad1 Qc8 24. Nc2 Bc5 25. f4 exf4 26. Qxf4 a4 27. Rd2 axb3 28.
axb3 Ra2 29. Nd4 Ra3 30. Rb1 Qa6 31. Rbb2 Ra1 32. Bh3 Bxh3 33. Kxh3 Rh1+ 34.
Kg2 Qa1 35. Nf5 h5 36. Ne7+ Kh8 37. Rf2 Qg1+ 38. Kf3 Bxf2 39. Rxf2 Qd1+ 40. Kg2
Rg1+ 41. Kh2 Re1 42. Qf5 Re3 43. Nd5 Rxb3 44. Nf6 gxf6 1/2-1/2

[Event "OLNO 1819 Greifswalder SV - SV Empor Be"]
[Site "?"]
[Date "2019.02.03"]
[Round "6.2"]
[White "Leisner, Hannes"]
[Black "Meissner, Hans-Juergen"]
[Result "1/2-1/2"]
[WhiteElo "2295"]
[BlackElo "2232"]
[PlyCount "111"]
[EventDate "2019.??.??"]

1. e4 c5 2. Nf3 d6 3. d4 cxd4 4. Nxd4 Nf6 5. Nc3 a6 6. h3 e6 7. g4 b5 8. Bg2 b4
9. Nce2 Bb7 10. Ng3 d5 11. Bg5 Be7 12. e5 Nfd7 13. Bxe7 Qxe7 14. Qe2 Nc6 15.
Ndf5 exf5 16. Nxf5 Nd4 17. Nxd4 Qxe5 18. Qxe5+ Nxe5 19. O-O-O O-O-O 20. Nf5 g6
21. Ne7+ Kc7 22. Nxd5+ Bxd5 23. Rxd5 Rxd5 24. Bxd5 g5 25. Re1 f6 26. Be4 h5 27.
Bf5 hxg4 28. Bxg4 Rd8 29. Re4 a5 30. f4 Nxg4 31. hxg4 gxf4 32. Rxf4 Rd6 33. b3
Kb6 34. Kb2 Rc6 35. Rf3 Kb5 36. c4+ bxc3+ 37. Rxc3 Re6 38. Rf3 Rc6 39. Rf5+ Kb6
40. Rf4 Kb5 41. Rd4 Kb6 42. Ka3 Re6 43. Rf4 Kb5 44. Kb2 Rc6 45. Rf2 Kb6 46. Rc2
Re6 47. Kc3 Re3+ 48. Kb2 Rg3 49. Rc4 f5 50. gxf5 Rf3 51. Rh4 Rxf5 52. Kc3 Rc5+
53. Rc4 Rd5 54. Rd4 Rh5 55. Rd6+ Kc5 56. Rd3 1/2-1/2

[Event "OLNO 1819 Greifswalder SV - SV Empor Be"]
[Site "?"]
[Date "2019.02.03"]
[Round "6.3"]
[White "Nitsche-Hahn, Raphael"]
[Black "Weber, Max"]
[Result "1-0"]
[WhiteElo "2038"]
[BlackElo "2215"]
[PlyCount "61"]
[EventDate "2019.??.??"]

1. d4 Nf6 2. Bf4 g6 3. e3 Bg7 4. Nf3 O-O 5. Be2 d6 6. h3 c5 7. O-O b6 8. c3 Bb7
9. a4 a6 10. Nbd2 Nbd7 11. Qb3 Ra7 12. c4 cxd4 13. exd4 Ne4 14. Rfd1 Nxd2 15.
Rxd2 d5 16. Ne5 Nxe5 17. dxe5 e6 18. Bf3 d4 19. Rad1 Bxf3 20. Qxf3 Qc7 21. Rxd4
Raa8 22. Qe4 Rfd8 23. Bg5 Rdc8 24. Bf6 h6 25. Bxg7 Kxg7 26. Qf4 Qc6 27. Rd7 Rf8
28. b3 Qc5 29. Qf6+ Kg8 30. R1d3 Qb4 31. Rf3 1-0

[Event "OLNO 1819 Greifswalder SV - SV Empor Be"]
[Site "?"]
[Date "2019.02.03"]
[Round "6.4"]
[White "Stubbe, Wilko"]
[Black "Schabe, Felix"]
[Result "1/2-1/2"]
[WhiteElo "2229"]
[BlackElo "1907"]
[PlyCount "105"]
[EventDate "2019.??.??"]

1. e4 d6 2. d4 g6 3. Bd3 Bg7 4. c3 b6 5. f4 e6 6. Nf3 Ne7 7. O-O c5 8. Be3 Bb7
9. f5 exf5 10. exf5 O-O 11. Ng5 h6 12. fxg6 Nxg6 13. Nf3 Nd7 14. Nbd2 Nf6 15.
Qc2 Ng4 16. Bf2 Nf4 17. Be4 d5 18. Bh7+ Kh8 19. Bf5 Nxf2 20. Rxf2 Bc8 21. Raf1
Ba6 22. Re1 Re8 23. Ne5 Bxe5 24. dxe5 Qg5 25. Nf3 Qg7 26. Qd2 Ne6 27. Bb1 Rg8
28. Nh4 Ng5 29. Rf6 Rae8 30. Kh1 Rxe5 31. Rf5 Rge8 32. Rfxe5 Rxe5 33. Nf5 Qf6
34. Rxe5 Qxe5 35. h4 Bc8 36. Nxh6 Ne4 37. Bxe4 Qxe4 38. Nxf7+ Kg7 39. Qf2 Qf5
40. Qxf5 Bxf5 41. Nd6 Bd7 42. c4 dxc4 43. Nxc4 Be6 44. b3 Bxc4 45. bxc4 b5 46.
Kg1 b4 47. Kf2 a5 48. Ke2 a4 49. Kd2 Kg6 50. g4 Kh6 51. Kc2 Kg6 52. Kb2 Kh6 53.
a3 1/2-1/2

[Event "OLNO 1819 Greifswalder SV - SV Empor Be"]
[Site "?"]
[Date "2019.02.03"]
[Round "6.5"]
[White "Welz, Peter"]
[Black "Kuersten, Ruediger"]
[Result "0-1"]
[WhiteElo "2001"]
[BlackElo "2179"]
[PlyCount "80"]
[EventDate "2019.??.??"]

1. e4 c6 2. d4 d5 3. e5 Bf5 4. c4 e6 5. Nc3 Ne7 6. c5 Nd7 7. Be3 f6 8. f4 Qc7
9. Nf3 h6 10. Bd3 O-O-O 11. b4 g5 12. g3 Bxd3 13. Qxd3 Nf5 14. Bf2 g4 15. Nd2
fxe5 16. fxe5 h5 17. Kd1 Bh6 18. Nb3 Rhf8 19. b5 Nxd4 20. Bxd4 Nxe5 21. Bxe5
Qxe5 22. bxc6 bxc6 23. Qa6+ Kd7 24. Qxa7+ Ke8 25. Re1 Qf5 26. Qa6 Rf6 27. Qxc6+
Kf7 28. Qb6 d4 29. Ne4 d3 30. Nbd2 Rd4 31. Nxf6 Qf2 32. Qb2 Bxd2 33. Qxd2 Qf3+
34. Kc1 Rc4+ 35. Kb1 Qb7+ 36. Qb2 Rb4 37. Rf1 Rxb2+ 38. Kc1 Kg6 39. Rf4 Rc2+
40. Kd1 Qh1+ 0-1

[Event "OLNO 1819 Greifswalder SV - SV Empor Be"]
[Site "?"]
[Date "2019.02.03"]
[Round "6.6"]
[White "Mildner, Jens"]
[Black "Silz, Elisa"]
[Result "1/2-1/2"]
[WhiteElo "2110"]
[BlackElo "1994"]
[PlyCount "98"]
[EventDate "2019.??.??"]

1. d4 Nf6 2. c4 g6 3. Nc3 Bg7 4. e4 d6 5. Nf3 O-O 6. Be2 e5 7. O-O Nc6 8. d5
Ne7 9. Ne1 Nd7 10. Nd3 f5 11. Bd2 Nf6 12. f3 Kh8 13. Rc1 c5 14. dxc6 Nxc6 15.
Be3 Nd4 16. Qd2 Be6 17. Nb4 a6 18. Nbd5 Rc8 19. Nxf6 Nxe2+ 20. Nxe2 Bxf6 21. b3
b5 22. cxb5 axb5 23. Rxc8 Bxc8 24. Nc3 Qd7 25. Rd1 Be7 26. Nd5 Bd8 27. Nc3 Ba5
28. Qd3 Bxc3 29. Qxc3 fxe4 30. fxe4 Bb7 31. Qxe5+ dxe5 32. Rxd7 Bxe4 33. Bh6
Re8 34. a4 bxa4 35. bxa4 Bc6 36. Ra7 e4 37. Kf2 Ra8 38. Rxa8+ Bxa8 39. Ke3 Kg8
40. g3 Kf7 41. Kd4 Ke6 42. Kc5 Kf5 43. h3 g5 44. Kd4 Kg6 45. Bf8 h5 46. Be7 Kf5
47. Ke3 Bb7 48. a5 Ba6 49. h4 gxh4 1/2-1/2

[Event "OLNO 1819 Greifswalder SV - SV Empor Be"]
[Site "?"]
[Date "2019.02.03"]
[Round "6.7"]
[White "Jahn, Thomas"]
[Black "Woll, Wilfried"]
[Result "1-0"]
[WhiteElo "2195"]
[BlackElo "1990"]
[PlyCount "91"]
[EventDate "2019.??.??"]

1. e4 e6 2. d4 d5 3. Nc3 Bb4 4. e5 c5 5. a3 Bxc3+ 6. bxc3 Ne7 7. Qg4 Qc7 8.
Qxg7 Rg8 9. Qxh7 cxd4 10. Ne2 Nbc6 11. f4 dxc3 12. Nxc3 a6 13. Bb2 Bd7 14.
O-O-O O-O-O 15. Qh4 Nf5 16. Qf2 Kb8 17. g4 d4 18. gxf5 dxc3 19. Bxc3 Na5 20.
Bb4 Ka8 21. Qc5 Nc6 22. Bc4 a5 23. Bc3 Rc8 24. fxe6 Bxe6 25. Bxe6 fxe6 26. Rd2
b6 27. Qd6 Qf7 28. Rhd1 Qf5 29. Qd3 Qxf4 30. Kb2 b5 31. Rf1 Qa4 32. Rf7 Rgd8
33. Rd7 Rf8 34. Rg2 Rf4 35. Rgg7 Rc4 36. Qe3 Qxa3+ 37. Kxa3 Rxc3+ 38. Qxc3 b4+
39. Qxb4 axb4+ 40. Ka4 Rh8 41. Rh7 Rg8 42. h4 Nxe5 43. Ra7+ Kb8 44. Rhb7+ Kc8
45. Rxb4 Rg2 46. Re4 1-0

[Event "OLNO 1819 Greifswalder SV - SV Empor Be"]
[Site "?"]
[Date "2019.02.03"]
[Round "6.8"]
[White "Reyer, Ulli"]
[Black "Nitsche, Nikolai"]
[Result "1/2-1/2"]
[WhiteElo "2149"]
[BlackElo "1717"]
[PlyCount "115"]
[EventDate "2019.??.??"]

1. e4 e6 2. d4 d5 3. Nc3 Nf6 4. e5 Nfd7 5. f4 c5 6. Nf3 Nc6 7. Be3 cxd4 8. Nxd4
Qb6 9. Qd2 Qxb2 10. Rb1 Qa3 11. Bb5 Nxd4 12. Bxd4 Bb4 13. O-O a6 14. Rb3 Qa5
15. a3 Be7 16. Bxd7+ Bxd7 17. Qf2 Qc7 18. Rfb1 b5 19. f5 O-O 20. f6 gxf6 21.
exf6 Bd6 22. Qh4 Kh8 23. Nxb5 axb5 24. Rc3 e5 25. Rxc7 Bxc7 26. Bxe5 Bxe5 27.
Qg5 Bd4+ 28. Kh1 Rg8 29. Qxd5 Rad8 30. Qxd4 Rxg2 31. Qxd7 Rxd7 32. Kxg2 Rd2+
33. Kg3 Rxc2 34. a4 b4 35. Rxb4 h6 36. h4 Kh7 37. Rg4 Ra2 38. Rg7+ Kh8 39. Rxf7
Rxa4 40. Rg7 h5 41. Rg5 Kh7 42. Kf3 Ra6 43. Rf5 Kg8 44. Kf4 Kf7 45. Kg5 Ra1 46.
Kxh5 Rg1 47. Kh6 Rg6+ 48. Kh7 Rxf6 49. Ra5 Rb6 50. h5 Rc6 51. h6 Rb6 52. Rf5+
Ke6 53. Rf1 Rb2 54. Kh8 Rg2 55. Rf8 Ke7 56. Rg8 Rh2 57. Kh7 Kf7 58. Rg7+
1/2-1/2

[Event "OLNO 1819 SF Berlin III - TSG Oberschön"]
[Site "?"]
[Date "2019.02.03"]
[Round "6.1"]
[White "Schoewel, Matthias"]
[Black "Modler, Andreas"]
[Result "0-1"]
[WhiteElo "2219"]
[BlackElo "2268"]
[PlyCount "116"]
[EventDate "2019.??.??"]

1. e4 c5 2. Nf3 e6 3. Nc3 a6 4. a4 Nc6 5. Be2 Nf6 6. O-O d5 7. exd5 Nxd5 8. Re1
Be7 9. Ne4 O-O 10. d4 cxd4 11. Nxd4 Bd7 12. c4 Nf6 13. Nxf6+ Bxf6 14. Nxc6 Bxc6
15. Qc2 Qd4 16. Ra3 Rac8 17. Rd1 Qe4 18. Qxe4 Bxe4 19. f3 Bg6 20. b4 Be7 21.
Bd2 a5 22. Ra2 axb4 23. Rb2 Rfd8 24. Bxb4 Rxd1+ 25. Bxd1 Bf6 26. Rb3 Rxc4 27.
Kf1 h5 28. a5 Rc1 29. Ke2 Bc2 30. Bxc2 Rxc2+ 31. Kd3 Rc7 32. Be1 Rd7+ 33. Kc4
g5 34. Rb5 Kg7 35. h4 gxh4 36. Rxh5 Kg6 37. Rb5 Rd4+ 38. Kc5 Rd5+ 39. Kc4 Rd4+
40. Kc5 Rd1 41. Bb4 Rg1 42. Kb6 Rxg2 43. Kxb7 h3 44. Bd6 h2 45. Bxh2 Rxh2 46.
a6 Bd4 47. Rb4 e5 48. f4 f6 49. fxe5 fxe5 50. Ra4 Rh7+ 51. Kc6 Kf5 52. Kd5 Rh8
53. Ra3 Rd8+ 54. Kc4 Ke6 55. Rh3 Rc8+ 56. Kb5 Rc5+ 57. Kb4 Rc8 58. Rh7 Kd5 0-1

[Event "OLNO 1819 SF Berlin III - TSG Oberschön"]
[Site "?"]
[Date "2019.02.03"]
[Round "6.3"]
[White "Postler, Reinhard"]
[Black "Hoffmann, Udo"]
[Result "1/2-1/2"]
[WhiteElo "2237"]
[BlackElo "2255"]
[PlyCount "89"]
[EventDate "2019.??.??"]

1. e4 c5 2. Nf3 e6 3. d4 cxd4 4. Nxd4 Nc6 5. Nc3 a6 6. Be2 Nge7 7. Nb3 b5 8.
O-O Na5 9. Nxa5 Qxa5 10. Be3 Nc6 11. a3 Be7 12. f4 Qc7 13. Kh1 Bb7 14. Qe1 Na5
15. Bd4 O-O 16. Qg3 f6 17. Rad1 Nc4 18. Bxc4 Qxc4 19. Rf3 a5 20. Bg1 Qc6 21.
Rfd3 Rad8 22. Qf2 b4 23. axb4 axb4 24. Ne2 Ba6 25. R3d2 Qxe4 26. Ng3 Qc6 27.
Qb6 Bb5 28. Ne4 d5 29. Qxc6 Bxc6 30. Nc5 Bd7 31. Re2 Kf7 32. Rde1 Rfe8 33. Nxe6
Bxe6 34. Rxe6 Bd6 35. Rxe8 Rxe8 36. Rxe8 Kxe8 37. g3 Kd7 38. Kg2 Kc6 39. Be3
Kb5 40. b3 Bc5 41. Kf3 f5 42. Bd2 g6 43. h3 Bd4 44. Ke2 Kc5 45. Be1 {(=)}
1/2-1/2

[Event "OLNO 1819 SF Berlin III - TSG Oberschön"]
[Site "?"]
[Date "2019.02.03"]
[Round "6.4"]
[White "Andersen, Hans-Christoph"]
[Black "Boewer, Roland"]
[Result "1-0"]
[WhiteElo "2188"]
[BlackElo "2182"]
[PlyCount "101"]
[EventDate "2019.??.??"]

1. d4 Nf6 2. c4 d6 3. Nf3 g6 4. Nc3 Bg4 5. h3 Bxf3 6. exf3 Bg7 7. Be2 Nbd7 8.
O-O O-O 9. Be3 e5 10. f4 exd4 11. Bxd4 Nb8 12. Bf3 Nc6 13. Be3 Qd7 14. Qa4 a6
15. Rad1 Rfd8 16. c5 Bf8 17. cxd6 Bxd6 18. Bxc6 Qxc6 19. Qxc6 bxc6 20. g3 Rab8
21. Na4 Nd5 22. Rc1 Rb4 23. b3 Re4 24. Rxc6 Nb4 25. Rc4 Rxc4 26. bxc4 Nxa2 27.
Rb1 Be7 28. Rb7 Rc8 29. Ra7 Nb4 30. Bc5 Bxc5 31. Nxc5 Rd8 32. Nxa6 Nxa6 33.
Rxa6 Kf8 34. Ra7 Rc8 35. f5 Ke7 36. Kg2 Kd6 37. Ra5 Rb8 38. Rd5+ Kc6 39. fxg6
hxg6 40. h4 Rb4 41. Rd4 f5 42. Kf3 Rb6 43. Kf4 Rb2 44. Kg5 Rxf2 45. Kxg6 Rf3
46. h5 Kc5 47. Rh4 Rxg3+ 48. Kxf5 Rf3+ 49. Ke6 Re3+ 50. Kd7 c6 51. h6 1-0

[Event "OLNO 1819 SF Berlin III - TSG Oberschön"]
[Site "?"]
[Date "2019.02.03"]
[Round "6.5"]
[White "Wiedersich, Jens"]
[Black "Noetzel, Felix"]
[Result "0-1"]
[WhiteElo "2092"]
[BlackElo "2201"]
[PlyCount "106"]
[EventDate "2019.??.??"]

1. d4 d5 2. c4 e6 3. e3 Nf6 4. Nf3 c6 5. Nc3 Nbd7 6. Qc2 Bd6 7. Bd3 dxc4 8.
Bxc4 b5 9. Bd3 Bb7 10. O-O O-O 11. e4 e5 12. Ne2 c5 13. dxc5 Nxc5 14. Ng3 Rc8
15. Qe2 Bb8 16. Rd1 Nxd3 17. Rxd3 Qe8 18. Bg5 Qe6 19. Rad1 h6 20. Bxf6 Qxf6 21.
Nf5 Rfd8 22. h3 Kh7 23. Qe3 Bc7 24. Rxd8 Rxd8 25. Re1 Bb6 26. Qc3 Re8 27. Qb4
Bc6 28. Rd1 a5 29. Qe1 g6 30. Ng3 Qe6 31. Qc3 f6 32. Nh4 Rd8 33. Rxd8 Bxd8 34.
Qc5 Be7 35. Qb6 a4 36. Nf3 Bd7 37. Qa7 Qc6 38. Kh2 Kg7 39. Qe3 Bc5 40. Qd2 b4
41. Qc2 Qd6 42. h4 h5 43. Ne1 Bb5 44. Nf3 a3 45. bxa3 bxa3 46. Qb3 Qd3 47. Qe6
Bd7 48. Qd5 Qxd5 49. exd5 Bxf2 50. Ne4 Be3 51. Ne1 Bf5 52. Nd6 Bb1 53. Nc4 Bc5
0-1